003740000a2200097000450024500820000004100140008270000240009670000180012010000300013877301080016810aPlantas como evidencia legal. Desarrollo de la botánica forense en Colombia0 aEspañol1 aGalindo Bonilla, A.1 aIdrobo, J. M.1 aFernández Alonso, J. L.1 tRevista de la Academia Colombiana de Ciencias Exactas, Físicas y Naturalesh119q181-198 p.d2007g31